000 02510cam a22004814i 4500
003 PE-LiUPU
005 20250731173315.0
008 150616s r 000 0 d
020 _a9684191413
035 _a(Sirsi) i9789684191419
040 _aPE-LiUPU
_bspa
_cPE-LiUPU
_erda
049 _aPRUA
082 0 4 _a291.302
_bC28
_221
100 1 _aCassard, Andrés,
_eautor.
245 1 0 _aManual de la Masonería: o sea el tejador de los ritos antiguo Escocés, Francés y de adopción.
264 1 _aMéxico :
_bEditorial Grijalbo,
_c1981.
300 _a877 páginas ;
_c22 centímetros
336 _atext
_2rdacontent
337 _aunmediated
_2rdamedia
338 _avolume
_2rdacarrier
505 0 _aLas decoraciones, trajes, marchas, bat -- Aperturas oraciones -- Los verdaderos catecismos del rito escocés -- Clausuras, discursos, plantillas para certificados, dimisiones, diplomas, breves, patentes, etc -- peticiónes para las formaciones de logias, grandes logias, etc -- Instalaciones de las mismas -- exequias fúnebres -- Banquetes con un discurso significativo sobre la forma que lleva la mesa en las fiestas del Orden -- Discursos escogidos sobre el origen y progreso de la masonería -- Tablas místicas -- Un diccionario razonado de términos y expresiones masónicas -- Ritual del bautismo masónico -- Modo de enjuiciar en masonería -- Estatutos generales del Orden -- Datos cronológicos sobre los sucesos más importantes de la masonería antes de Jesucristo.
526 _aSEG42
526 _aSEG41
526 _aSEG40
526 _aSEG39
526 _aP94
526 _aP87
526 _aP86
526 _aP85
526 _aP77
526 _aP76
526 _aP35
650 0 4 _aMASONERIA.
910 _ajck
_bjvq
_cjck
942 _2ddc
_cBOOK
949 _a291.302 C28
_wDEWEY
_c1
_i25019
_lCCODEBUL1
_mBUL
_r0
_sY
_tBOOK
_u2015-6-16
_xTEOLOGIA
_zUNKNOWN
_0COMPRA
_o.STAFF. Colección General
949 _a291.302 C28
_wDEWEY
_c2
_i25018
_lCCODEBUL1
_mBUL
_r0
_sY
_tBOOK
_u2016-8-22
_xTEOLOGIA
_PP35
_0COMPRA
_o.STAFF. Colección General
994 _aC0
_bPEPRU
596 _a1
999 _a291.302 C28
_wDEWEY
_c45644
_i25019
_f2021-11-11
_g5
_lCCODEBUL1
_mBUL
_r0
_sY
_tBOOK
_u2015-6-16
_xTEOLOGIA
_zUNKNOWN
_0COMPRA
_o.STAFF. Colección General
_d45644
999 _a291.302 C28
_wDEWEY
_c2
_i25018
_f2021-11-11
_g5
_lCCODEBUL1
_mBUL
_r0
_sY
_tBOOK
_u2016-8-22
_xTEOLOGIA
_PP35
_0COMPRA
_o.STAFF. Colección General
980 _81
_gALBERTO SANCHEZ Responsable de Automatización